Library of the University of Algiers 3
Ibrahim Sultan Cheibout
شعار جامعة الجزائر 3
مكتبة جامعة الجزائر 3
إبراهيم سلطان شيبوط

مسؤولية المصرف المصدر في الاعتماد المستندي : (رقم التسجيلة. 42660)

تفاصيل مارك
000 -LEADER
fixed length control field 01041nam a2200229Ia 4500
003 - CONTROL NUMBER IDENTIFIER
control field Ost
005 - DATE AND TIME OF LATEST TRANSACTION
control field 20260507075051.0
008 - FIXED-LENGTH DATA ELEMENTS--GENERAL INFORMATION
fixed length control field 260507s9999||||xx |||||||||||||| ||und||
020 ## - INTERNATIONAL STANDARD BOOK NUMBER
International Standard Book Number 9957111108
040 ## - CATALOGING SOURCE
Transcribing agency fsecg
041 ## - LANGUAGE CODE
Language code of text/sound track or separate title ara
082 ## - DEWEY DECIMAL CLASSIFICATION NUMBER
Classification number 332.1752
100 ## - MAIN ENTRY--PERSONAL NAME
Personal name الزغبي، اكرم ابراهيم حمدان
Relator term مؤلف
245 #0 - TITLE STATEMENT
Title مسؤولية المصرف المصدر في الاعتماد المستندي :
Remainder of title دراسة مقارنة وفقا لأحكام النشرة 500 /
Statement of responsibility, etc. اكرم ابراهيم حمدان الزغبي
260 ## - PUBLICATION, DISTRIBUTION, ETC.
Place of publication, distribution, etc. عمان:
Name of publisher, distributor, etc. دار وائل,
Date of publication, distribution, etc. 2000
300 ## - PHYSICAL DESCRIPTION
Extent 212 صفحة؛
Other physical details إيضاحات ؛
Dimensions 24 سم
504 ## - BIBLIOGRAPHY, ETC. NOTE
Bibliography, etc. note المراجع ص.203
520 ## - SUMMARY, ETC.
Summary, etc. التزامات المصرف المصدر تجاه العميل الأمر، التزامات المصرف المصدر تجاه المستفيد، التزامات المصرف المصدر تجاه المصارف الوسيطة
653 ## - INDEX TERM--UNCONTROLLED
Uncontrolled term الاعتمادات المستندية
653 ## - INDEX TERM--UNCONTROLLED
Uncontrolled term بنوك
942 ## - ADDED ENTRY ELEMENTS (KOHA)
Koha item type كتب
المقتنيات
Withdrawn status Lost status Source of classification or shelving scheme Damaged status Not for loan Home library Current library Date acquired Serial enumeration / chronology Inventory number Total checkouts Full call number Barcode Date last seen Price effective from Koha item type
    Dewey Decimal Classification   NOT LOAN / إعارة داخلية مكتبة كلية العلوم الإقتصادية والعلوم التجارية وعلوم التسيير مكتبة كلية العلوم الإقتصادية والعلوم التجارية وعلوم التسيير 07/05/2026 الطابق الأرضي 653/1   أ/653ن1 653/1 07/05/2026 07/05/2026 كتب

موارد الويب المفتوحة


© University of Algiers 3 All Rights Reserved
|
Implemented by LECHELAH Riad